The trial record of Denmark Vesey /

Bibliographic Details
Main Author: Vesey, Denmark, approximately 1767-1822
Other Authors: Kennedy, Lionel H., Parker, Thomas, 1793-1844
Format: Book
Language:English
Published: Boston : Beacon Press, [1970]
Subjects:

MARC

Tag First Indicator Second Indicator Subfields
LEADER 00000cam a2200000 4500
001 in00000201749
005 20151009064753.0
008 700415r19701822mau 00110 eng
010 |a  70101322  
020 |a 0807054542 :  |c $5.95 
035 |a (OCoLC)00066103 
035 |9 AAY2794AM 
040 |a DLC  |c DLC  |d TXA  |d UtOrBLW 
049 |a TXAM  |c [853473] 
050 0 0 |a KF223.V4  |b K4 1970 
082 0 0 |a 343/.331 
100 1 |a Vesey, Denmark,  |d approximately 1767-1822. 
240 1 3 |a An official report of the trials of sundry Negroes 
245 1 4 |a The trial record of Denmark Vesey /  |c Introd. by John Oliver Killens. 
264 1 |a Boston :  |b Beacon Press,  |c [1970] 
300 |a xxi, 175 pages ;  |c 22 cm. 
336 |a text  |b txt  |2 rdacontent 
337 |a unmediated  |b n  |2 rdamedia 
338 |a volume  |b nc  |2 rdacarrier 
500 |a Reprint, with added introduction, of the 1822 edition prepared by Lionel H. Kennedy and Thomas Parker and published under title: An official report of the trials of sundry Negroes. 
651 0 |a Charleston (S.C.)  |x History  |y Slave Insurrection, 1822. 
700 1 |a Kennedy, Lionel H. 
700 1 |a Parker, Thomas,  |d 1793-1844. 
999 |a MARS 
999 f f |s cf0d5a4f-ee36-3330-88c4-db1b140d55a2  |i 63069dfe-957b-35c0-89f8-1574bc47518e  |t 0 
952 f f |p normal  |a Texas A&M University  |b College Station  |c Sterling C. Evans Library  |d Evans: Library Stacks  |t 0  |e KF223.V4 K4 1970  |h Library of Congress classification  |i unmediated -- volume  |m A14803156352 
998 f f |a KF223.V4 K4 1970  |t 0  |l Evans: Library Stacks